00642nam a2200169Ia 4500008004100000020001800041041001200059082002600071100007200097245003500169260003300204300001100237300001100248942000700259999001900266952018700285231217s9999 xx 000 0 und d a0-7645-4839-5 aEnglish a001.6424JAV SUR:1 R aSuresh Rajagopalan. Ramesh Rajamani. Ramesh Krishnaswamy...[et al.] 0aJava servlet programming bible c2002bHungry MindsaNew York axxiii+ cCD2515 cAA c177235d177235 r2024-01-26 00:00:00l0o001.6424JAV SUR:1 Rp40631v521.25w2024-01-26yAA1040708CL00aMLbMLcCLd2006-02-07eTata Book Houseg695.00ECSK1848L31/01/1998GRSF1V173.75W25